000 01136nam a2200373 i 4500
001 25557
003 KOSZ 005
005 20240405063038.0
008 001010s1971 pl f |000 0 pol d
040 _cKOSZ 005
_aKOSZ 005
_dKOSZ 005/HR
041 _apol
046 _k1971
080 _a006(47+57)
080 _a006(438)
100 1 _aSorin, J. M.
_eAutor
245 0 _aRozmowy o normalizacji /
_cJ.M. Sorin, A.W. Lebiediew.
260 _aWarszawa :
_bWydawnictwa Normalizacyjne,
_c1971.
300 _a96 stron :
_bilustracje ;
_c21 cm.
336 _2rdacontent
_aTekst
_btxt
337 _2rdamedia
_aBez urządzenia pośredniczącego
_bn
338 _2rdacarrier
_aWolumin
_bnc
380 _aKsiążki
380 _aPublikacje fachowe
388 _a1901-2000
388 _a1945-1989
648 4 _a1901-2000
651 4 _aPolska
650 4 _aNormalizacja
648 4 _a1945-1989
651 4 _aZSRR
700 1 _aLebedev, A. W.
_eAutor
856 _uhttp://koha.tu.koszalin.pl/cgi-bin/koha/opac-detail.pl?biblionumber=25557
_yKatalog online BPK
942 _cKS
_2UKD
999 _c25557
_d25557